000 00515nam a22001697a 4500
003 SISC
005 20160401134058.0
008 140428b xxu||||| |||| 00| 0 eng d
020 _a9780826499059
050 _aLB 1137
_b.T48 2008
100 _aThwaites, Alan
245 _aProblem solving, reasoning and numeracy :
_b100 ideas for teaching /
_cAlan Thwaites.
260 _aLondon :
_bContinuum International Publishing Group,
_cc2008.
300 _a120 p. :
_bill. ;
_c24 cm.
942 _2lcc
_cBK
999 _c115534
_d115534